Visuals : Writing about graphs, tables and diagrams

保存先:
書誌詳細
第一著者: Duigu, Gabi
フォーマット: 図書
言語:Undetermined
出版事項: Thành phố Hồ Chí Minh Nhà xuất bản Thành phố Hồ Chí Minh 2004
主題:
タグ: タグ追加
タグなし, このレコードへの初めてのタグを付けませんか!
Thư viện lưu trữ: Trung tâm Học liệu Trường Đại học Cần Thơ
LEADER 00677nam a2200217Ia 4500
001 CTU_60695
008 210402s9999 xx 000 0 und d
020 |b 12000 
082 |a 808.066 
082 |b G873 
100 |a Duigu, Gabi 
245 0 |a Visuals : 
245 0 |b Writing about graphs, tables and diagrams 
245 0 |c Gabi Duigu; Nguyễn Thành Yến biên dịch 
260 |a Thành phố Hồ Chí Minh 
260 |b Nhà xuất bản Thành phố Hồ Chí Minh 
260 |c 2004 
650 |a English language,Technical writing 
650 |x Writing 
904 |i Minh, Năm 
980 |a Trung tâm Học liệu Trường Đại học Cần Thơ